000
00297 a2200145 4500
001
45292
020
_a
040
_c
Anchieta - Aquarius
240
1
0
_a
*O país sem música
_l
por
245
1
0
_a
*O país sem música
300
_a
362
0
_a
0
650
4
_a
Literatura infantil
942
_c
BK
999
_c
45292
_d
45292